Finančné investície a ich vývoj v budúcnosti
Saved in:
| Main Author: | |
|---|---|
| Format: | Book |
| Language: | Slovak |
| Published: |
Bratislava
STU FCHPT
2009
|
| Online Access: | View in OPAC |
| Tags: |
No Tags, Be the first to tag this record!
|
MARC
| LEADER | 00000nam a2200000 a 4500 | ||
|---|---|---|---|
| 003 | SK-BrSCK | ||
| 005 | 20260127133921.0 | ||
| 008 | 090904 2009 xo 000 0 slo d | ||
| 035 | |a vtls009946812 | ||
| 040 | |a STUSCHK1 |b slo |c STUSCHK1 |e AACR2 | ||
| 100 | 1 | |a Jurkemíková, Iveta | |
| 245 | 1 | |a Finančné investície a ich vývoj v budúcnosti |c Iveta Jurkemíková | |
| 260 | |a Bratislava |b STU FCHPT |c 2009 | ||
| 300 | |a 28 s. |b il. |c 30 cm | ||
| 500 | |a Obháj.: 28.8. 2009 | ||
| 500 | |a Študijný program: automatizácia, informatizácia a manažment v chémii a potravinárstve | ||
| 500 | |a Bakalárska práca | ||
| 500 | |a Ústav manažmentu STU Bratislava | ||
| 500 | |a Kombinácia študijných odborov: 5.2.14 automatizácia, 5.2.52 priemyselné inžinierstvo | ||
| 910 | |a SCHK95 | ||
| 942 | |2 udc |c 12 |e 1 | ||
| 999 | |c 41 |d 41 | ||